000 00495nam a22001457a 4500
999 _c130415
_d130415
008 200318b ||||| |||| 00| 0 eng d
050 _aBX1912.E75
100 _aBifet, Juan Esquerda
_949681
245 _aPastoral for a missionary church
_cJuan Esquerda Bifet
260 _aRome
_bPontificia Universitas Urbaniana
_c1993
300 _a337p. ;
_c21cm.
650 _aCatholic Church
_xClergy
_xReligious life
_911664
650 _aPastoral theory
_xCatholic Church
_949682
942 _2lcc
_cMONOGRAPH